Organizational Behavior / (Record no. 17043)
[ view plain ]
| 000 -LEADER | |
|---|---|
| fixed length control field | 00865nam a22002775a 4500 |
| 001 - CONTROL NUMBER | |
| control field | 15122679 |
| 005 - DATE AND TIME OF LATEST TRANSACTION | |
| control field | 20181115125440.0 |
| 008 - FIXED-LENGTH DATA ELEMENTS--GENERAL INFORMATION | |
| fixed length control field | 071227s2013 njua f b 001 0 eng |
| 020 ## - INTERNATIONAL STANDARD BOOK NUMBER | |
| International Standard Book Number | 0273765299 |
| 020 ## - INTERNATIONAL STANDARD BOOK NUMBER | |
| International Standard Book Number | 9780273765295 |
| 040 ## - CATALOGING SOURCE | |
| Original cataloging agency | EG-ScBUE |
| Language of cataloging | eng |
| Transcribing agency | EG-ScBUE |
| 082 04 - DEWEY DECIMAL CLASSIFICATION NUMBER | |
| Classification number | 658.3 |
| Edition number | 22 |
| Item number | ROB |
| 100 1# - MAIN ENTRY--PERSONAL NAME | |
| Personal name | Robbins, Stephen P., |
| Dates associated with a name | 1943- |
| 9 (RLIN) | 20090 |
| 245 10 - TITLE STATEMENT | |
| Title | Organizational Behavior / |
| Statement of responsibility, etc | Stephen P. Robbins, Timothy A. Judge. |
| 250 ## - EDITION STATEMENT | |
| Edition statement | 15th ed. |
| 260 ## - PUBLICATION, DISTRIBUTION, ETC. (IMPRINT) | |
| Place of publication, distribution, etc | Upper Saddle River : |
| Name of publisher, distributor, etc | Pearson Prentice Hall, |
| Date of publication, distribution, etc | c.2013. |
| 300 ## - PHYSICAL DESCRIPTION | |
| Extent | 710 p. : |
| Other physical details | ill. (chiefly col.) ; |
| Dimensions | 29 cm. |
| 500 ## - GENERAL NOTE | |
| General note | Include indexes. |
| 504 ## - BIBLIOGRAPHY, ETC. NOTE | |
| Bibliography, etc | Includes bibliographical references. |
| 590 ## - LOCAL NOTE (RLIN) | |
| Local note | Menna Elemam |
| 650 #0 - SUBJECT ADDED ENTRY--TOPICAL TERM | |
| Topical term or geographic name as entry element | Organizational behavior. |
| 9 (RLIN) | 31022 |
| Source of heading or term | BUEsh |
| 651 ## - SUBJECT ADDED ENTRY--GEOGRAPHIC NAME | |
| Source of heading or term | BUEsh |
| 653 ## - INDEX TERM--UNCONTROLLED | |
| Resource For college | BAEPS, Business Administration |
| Arrived date list | August2015 |
| 700 1# - ADDED ENTRY--PERSONAL NAME | |
| Personal name | Judge, Tim |
| 9 (RLIN) | 31023 |
| 942 ## - ADDED ENTRY ELEMENTS (KOHA) | |
| Source of classification or shelving scheme | Dewey Decimal Classification |
| Item type | Book - Borrowing |
| Call number prefix | 658.3 ROB |
| Withdrawn status | Item status | Source of classification or shelving scheme | Damaged status | Not for loan | Vendor | Home library | Current library | Shelving location | Date acquired | Source of acquisition | Cost, normal purchase price | Serial Enumeration / chronology | Total Checkouts | Full call number | Barcode | Date last seen | Date last borrowed | Cost, replacement price | Koha item type | Total Renewals | Checked out |
|---|---|---|---|---|---|---|---|---|---|---|---|---|---|---|---|---|---|---|---|---|---|
| Dewey Decimal Classification | Baccah | Central Library | Central Library | First floor | 01/10/2012 | 190.00 | 3 | 1 | 658.3 ROB | 000027501 | 15/07/2025 | 10/10/2013 | 332.50 | NB - Book (Non borrowing) | |||||||
| Dewey Decimal Classification | Baccah | Central Library | Central Library | First floor | 01/10/2012 | 190.00 | 3 | 10 | 658.3 ROB | 000027502 | 15/07/2025 | 30/10/2019 | 332.50 | Book - Borrowing | 16 | ||||||
| Lost | Dewey Decimal Classification | Baccah | Central Library | Central Library | First floor | 01/10/2012 | 190.00 | 3 | 3 | 658.3 ROB | 000027503 | 14/12/2014 | 14/12/2014 | 332.50 | Book - Borrowing | 3 | 21/12/2014 | ||||
| Dewey Decimal Classification | Baccah | Central Library | Central Library | First floor | 01/10/2012 | 190.00 | 3 | 8 | 658.3 ROB | 000027504 | 15/07/2025 | 17/10/2019 | 332.50 | Book - Borrowing | 13 | ||||||
| Dewey Decimal Classification | Baccah | Central Library | Central Library | First floor | 01/10/2012 | 190.00 | 3 | 8 | 658.3 ROB | 000027505 | 15/07/2025 | 12/10/2017 | 332.50 | Book - Borrowing | 26 | ||||||
| Dewey Decimal Classification | Baccah | Central Library | Central Library | First floor | 01/10/2012 | 190.00 | 3 | 10 | 658.3 ROB | 000027506 | 15/07/2025 | 15/03/2018 | 332.50 | Book - Borrowing | 13 | ||||||
| Dewey Decimal Classification | Baccah | Central Library | Central Library | First floor | 01/10/2012 | 190.00 | 3 | 8 | 658.3 ROB | 000027507 | 15/07/2025 | 12/03/2018 | 332.50 | Book - Borrowing | 11 | ||||||
| Dewey Decimal Classification | Baccah | Central Library | Central Library | First floor | 01/10/2012 | 190.00 | 3 | 5 | 658.3 ROB | 000027508 | 15/07/2025 | 09/11/2016 | 332.50 | Book - Borrowing | 37 | ||||||
| Dewey Decimal Classification | Baccah | Central Library | Central Library | First floor | 01/10/2012 | 190.00 | 3 | 9 | 658.3 ROB | 000027509 | 15/07/2025 | 05/03/2018 | 332.50 | Book - Borrowing | 13 | ||||||
| Dewey Decimal Classification | Baccah | Central Library | Central Library | First floor | 01/10/2012 | 190.00 | 3 | 8 | 658.3 ROB | 000027510 | 15/07/2025 | 06/11/2016 | 332.50 | Book - Borrowing | 17 |